|
|
|
|
| LEADER |
00000nam a2200000 a 4500 |
| 001 |
vtls008861297 |
| 003 |
SK-MaSNL |
| 005 |
20260426020235.0 |
| 008 |
251112s1561 fr f 00000blat |
| 015 |
|
|
|a SNBHFA
|
| 035 |
|
|
|a cpl000122066
|
| 040 |
|
|
|a SNKHF
|b slo
|c SNK
|e AACR2
|
| 041 |
1 |
|
|a lat
|h gre
|
| 044 |
|
|
|a fr
|c FR
|
| 072 |
|
7 |
|a 101
|x Filozofia
|2 konspekt
|
| 080 |
|
|
|a 17
|2 2011
|
| 080 |
|
|
|a 101
|2 2011
|
| 080 |
|
|
|a 14
|2 2011
|
| 100 |
0 |
|
|a Aristoteles,
|d 384 pred Kr.-322 pred Kr
|4 aut
|9 186400
|
| 245 |
1 |
0 |
|a Aristotelis Stagiritae Opera
|b Post omnes quae in hunc vsque diem prodierunt editiones, summo studio emaculata, & ad Graecum exemplar diligenter recognita. Quibus accesit index locupletissimus recens collectus.
|
| 246 |
3 |
0 |
|a Stagiritae Opera
|
| 260 |
|
|
|a Lvgdvni
|b apud Antonium Vincentium
|c M. D. LXI. [=1561]
|
| 300 |
|
|
|a [32] strán, 976 stĺpcov
|c 2°
|c 36 × 24 cm
|
| 500 |
|
|
|a Signety, linky, iniciálky s ornamentálnym a figurálnym pozadím v rámčeku na 4 - 9, 12 riadkov
|
| 501 |
|
|
|a Príväzok 1.: ARISTOTELES. Stagiritae Opervm Tomus Secundus. Lvgdvni: Apud Antonium Vicncentium, 1561.
|5 SNK IA 1185/1-2/prív.1
|
| 504 |
|
|
|a Text radený do dvoch stĺpcov, vnútorné a vonkajšie marginálie, kustody
|
| 510 |
0 |
|
|a WolrdCat 1025617798
|
| 546 |
|
|
|a Latinčina
|b Antiqua
|b Kurzíva
|
| 561 |
|
|
|a Z knižnice františkánov Beckov.
|5 SNK IA 1185/1-2
|
| 562 |
|
|
|a Rukopisné exlibrisy: Ex libris Ladislai de Réva A.1640. - Conventui Beczkoviensi donatus
|5 SNK IA 1185/1-2
|
| 563 |
|
|
|a Väzba: tmavohnedá koža so zlatým ornamentom uprostred, ošúchaná, značne poškodená.
|5 SNK IA 1185/1-2
|
| 600 |
0 |
7 |
|a Aristoteles,
|d 384 pred Kr.-322 pred Kr
|2 SNKMA
|9 186400
|
| 650 |
0 |
7 |
|a filozofia
|2 SNKPH
|9 793
|
| 650 |
0 |
7 |
|a antická literatúra
|2 SNKPH
|9 92203
|
| 700 |
1 |
|
|a Giunta, Jacques de,
|c dedičia,
|d 16. storočie
|4 prt
|9 172835
|
| 700 |
1 |
|
|a Frellon, Jean
|b II.,
|d 1517-1570
|4 oth
|9 72226
|
| 700 |
1 |
|
|a Filoponos, Ióannés,
|d asi 490-asi 570
|4 oth
|9 167399
|
| 700 |
1 |
|
|a Grynaeus, Simon,
|d 1493-1541
|4 oth
|9 52699
|
| 700 |
1 |
|
|a Vives, Juan Luis,
|d 1492-1540
|4 oth
|9 126384
|
| 700 |
1 |
|
|a Révai, Ladislav,
|d 1600-1667
|4 fmo
|9 130118
|
| 710 |
1 |
|
|a Františkáni (Beckov, Slovensko)
|4 fmo
|9 356208
|
| 710 |
0 |
|
|a Giunta, Jacques de - dedičia (Lyon, Francúzsko),
|d 1547-1577
|4 prt
|9 220297
|
| 752 |
|
|
|a Francúzsko
|d Lyon
|
| 852 |
|
|
|a snk
|b Františkáni Beckov
|p IA 1185/1-2
|
| 958 |
|
|
|a DA
|
| 958 |
|
|
|a ONDV
|
| 999 |
|
|
|c 1206113
|d 1208043
|
| 952 |
|
|
|t Fr Bec 24 141/1-2
|a SNK
|b SNK
|c SNK_HF
|y PREZ
|7 0
|p 17A1358344
|o snkIA 1185/1-2
|i snk2020/16727
|8 5
|z Kniha má jeden príväzok.
|0 0
|1 0
|4 0
|d 2020-09-21
|l 0
|r 2026-02-24 22:57:09
|w 2026-02-24
|